Economic growth in Japan and the USSR

Gorde:
Xehetasun bibliografikoak
Egile nagusia: Maddison, Angus
Formatua: Liburua
Hizkuntza:Undetermined
Argitaratua: New York W. W. Norton 1969
Gaiak:
Etiketak: Etiketa erantsi
Etiketarik gabe, Izan zaitez lehena erregistro honi etiketa jartzen!
Thư viện lưu trữ: Trung tâm Học liệu Trường Đại học Cần Thơ
LEADER 00479nam a2200181Ia 4500
001 CTU_86325
008 210402s9999 xx 000 0 und d
082 |a 330.952 
082 |b M179 
100 |a Maddison, Angus 
245 0 |a Economic growth in Japan and the USSR 
245 0 |c Angus Maddison 
260 |a New York 
260 |b W. W. Norton 
260 |c 1969 
650 |a Economic conditions 
904 |i Năm 
980 |a Trung tâm Học liệu Trường Đại học Cần Thơ